| 000 | 01148cam a22003257a 4500 | ||
|---|---|---|---|
| 003 | CHAP | ||
| 005 | 20220329141550.0 | ||
| 008 | 971013s1959 r 00010 d | ||
| 010 | _a70231 | ||
| 011 | _a71203 | ||
| 035 | _a80757 | ||
| 040 | _cCHAP | ||
| 082 |
_a641.18 _bA3 |
||
| 100 | 0 | 0 |
_aAdrian, Jean. _9964 |
| 245 | 1 | 3 | _aLe dosage microbiologique des vitamines du groupe B |
| 260 |
_aParis : _bCentre National de la Recherche Scientifique, _c1959 |
||
| 300 | _a183 p. | ||
| 490 | 0 |
_aLes cahiers techniques du Center National de Coordination des Etudes e Recherches _v; 4 |
|
| 590 |
_aBATCH-UPD _b10 _c20130110 _lUCH01 _h0418 |
||
| 590 |
_aBATCH-UPD _b10 _c20130110 _lUCH01 _h2028 |
||
| 590 |
_aBATCH-UPD _b10 _c20130410 _lUCH01 _h0052 |
||
| 590 |
_aBATCH-UPD _b10 _c20130914 _lUCH01 _h1723 |
||
| 590 |
_aCONVERSION _b10 _c20130109 _lUCH01 _h1339 |
||
| 650 | 1 | 4 |
_aMicrobiologĂa. _975490 |
| 650 | 1 | 4 |
_aVitaminas (B) _9120012 |
| 830 | 0 |
_aLes cahiers techniques du Center National de Coordination des Etudes e Recherches _v; 4 _966323 |
|
| 901 | _aBK | ||
| 942 | _cLIBRO | ||
| 949 |
_a641.18 A3 _bBC _cLIBRO _d33724000833281 _eLIBRO _h42112 _i80757 _mD _sb |
||
| 999 |
_c70231 _d70231 |
||